40 anys : CEM, Centre d'Estudis del Mar CEM, Centre d'Estudis del Mar
Descripción Física:
1 punt de llibre ; il·lustrat color ; 20 x 6 cm
Idioma:
Catalán
MARC
| LEADER | 00000nrm a22000007a 4500 | ||
|---|---|---|---|
| 001 | 28524 | ||
| 003 | AGDB | ||
| 005 | 20260324181524.0 | ||
| 008 | 240506b spa||||| |||| 00| 0 cat d | ||
| 017 | |a B 20735-2023 | ||
| 040 | |a agdb |b cat | ||
| 110 | 2 | |a Centre d'Estudis del Mar |9 52945 | |
| 245 | |a 40 anys : |b CEM, Centre d'Estudis del Mar | ||
| 260 | |a Barcelona : |b Diputació de Barcelona : |b Centre d'Estudis del Mar : |c 2023 | ||
| 300 | |a 1 punt de llibre ; |b il·lustrat color ; |c 20 x 6 cm | ||
| 610 | 0 | |a Centre d'Estudis del Mar |x Aniversaris, etc. |9 71078 | |
| 655 | 0 | |a Punts de llibre |9 52700 | |
| 710 | 1 | |a Barcelona (Catalunya : Província). |b Diputació |9 52408 | |
| 942 | |c ARXIU |n 1 | ||
| 952 | |0 0 |1 0 |4 0 |6 NBM185 |7 1 |9 97015 |a Arxiu |b Arxiu |d 2024-05-06 |l 0 |o NBM-18-5 |p 28524 |r 2024-05-06 00:00:00 |w 2024-05-06 |y ARXIU | ||
| 999 | |c 128850 |d 128850 | ||